Statistics for 南京所有街道乡镇

Click here to take the quiz!

General Stats

  • This quiz has been taken 19 times
  • The average score is 35 of 101

Answer Stats

HintAnswer% Correct
雨花台区雨花街道
88%
秦淮区夫子庙街道
81%
栖霞区仙林街道
75%
玄武区玄武湖街道
75%
玄武区玄武门街道
69%
六合区大厂街道
69%
玄武区新街口街道
63%
江宁区秣陵街道
63%
江宁区淳化街道
63%
玄武区孝陵卫街道
63%
玄武区红山街道
63%
江宁区江宁街道
63%
江宁区禄口街道
56%
江宁区东山街道
56%
浦口区江浦街道
56%
栖霞区尧化街道
56%
栖霞区燕子矶街道
56%
雨花台区板桥街道
56%
建邺区莫愁湖街道
56%
栖霞区马群街道
56%
鼓楼区下关街道
56%
鼓楼区湖南路街道
56%
玄武区锁金村街道
50%
栖霞区栖霞街道
50%
栖霞区龙潭街道
50%
玄武区梅园新村街道
50%
鼓楼区华侨路街道
50%
栖霞区八卦洲街道
50%
浦口区泰山街道
50%
鼓楼区中央门街道
50%
秦淮区中华门街道
50%
鼓楼区幕府山街道
50%
秦淮区五老村街道
50%
江宁区汤山街道
44%
鼓楼区建宁路街道
44%
栖霞区迈皋桥街道
44%
六合区金牛湖街道
44%
江宁区谷里街道
44%
秦淮区瑞金路街道
44%
秦淮区秦虹街道
44%
溧水区柘塘街道
44%
高淳区桠溪街道
38%
溧水区石湫街道
38%
高淳区固城街道
38%
高淳区淳溪街道
38%
鼓楼区小市街道
38%
鼓楼区江东街道
38%
六合区竹镇镇
38%
雨花台区西善桥街道
38%
雨花台区铁心桥街道
38%
建邺区兴隆街道
31%
高淳区漆桥街道
31%
鼓楼区挹江门街道
31%
秦淮区红花街道
31%
建邺区江心洲街道
31%
江宁区麒麟街道
31%
江宁区湖熟街道
31%
鼓楼区宝塔桥街道
31%
鼓楼区凤凰街道
25%
鼓楼区宁海路街道
25%
秦淮区月牙湖街道
25%
浦口区桥林街道
25%
雨花台区赛虹桥街道
25%
建邺区沙洲街道
25%
六合区龙池街道
25%
江宁区横溪街道
19%
秦淮区朝天宫街道
19%
浦口区汤泉街道
19%
栖霞区西岗街道
19%
秦淮区洪武路街道
19%
秦淮区双塘街道
19%
建邺区双闸街道
19%
六合区葛塘街道
19%
六合区雄州街道
19%
雨花台区梅山街道
19%
鼓楼区热河南路街道
19%
浦口区顶山街道
19%
高淳区砖墙镇
13%
秦淮区光华路街道
13%
建邺区南苑街道
13%
溧水区永阳街道
13%
雨花台区古雄街道
13%
浦口区沿江街道
13%
浦口区星甸街道
13%
六合区长芦街道
13%
六合区龙袍街道
13%
浦口区盘城街道
6%
高淳区阳江镇
6%
高淳区东坝街道
6%
高淳区古柏街道
6%
溧水区晶桥镇
6%
溧水区洪蓝街道
6%
溧水区东屏街道
6%
浦口区永宁街道
6%
六合区程桥街道
6%
溧水区白马镇
0%
溧水区和风镇
0%
六合区马鞍街道
0%
秦淮区大光路街道
0%
六合区冶山街道
0%
六合区横梁街道
0%

Score Distribution

Percentile by Number Answered

Percent of People with Each Score

Your Score History

You have not taken this quiz